| 000 | 01303nam0a22003011 4500 | ||
|---|---|---|---|
| 001 | rc\3285583 | ||
| 005 | 20260408095304.0 | ||
| 021 |
_aRU _b72-81081 |
||
| 021 |
_aRU _bРг2756-73 |
||
| 035 | _a(NLR Aleph) 007400517 | ||
| 090 |
_a6707360 _c6707360 |
||
| 100 | _a20130115d1972 |||y0rusy50 ca | ||
| 101 | 0 | _arus | |
| 102 | _aRU | ||
| 105 | _ay z ||||| | ||
| 200 | 1 |
_aОпыт по применению изопренового каучука СКИ-3 в чехословацкой резиновой промышленности _fМеждунар. симпозиум по изопреновому каучуку. 20-24 ноября 1972 г. |
|
| 210 |
_aМосква _cБ. и. _d1972 |
||
| 215 |
_a16 с. _d19 |
||
| 532 | 1 | 1 | _aОпыт по применению изопренового каучука СКИ - три в чехословацкой резиновой промышленности |
| 700 | 1 |
_aФидлер _bА. _gАльфред |
|
| 701 | 1 |
_aСтаваржова _bА. _gАлена |
|
| 712 | 1 | 2 |
_aМеждународный симпозиум по изопреновому каучуку _f1972 _eМосква _3RU\NLR\AUTH\8810236712 _9358751 |
| 801 | 0 |
_aRU _bNLR _gpsbo |
|
| 801 | 1 |
_aRU _bELAR _2rusmarc |
|
| 852 |
_aNLR _j72-4/40565 |
||
| 942 | _cBOOK | ||
| 980 | _aNB | ||